Normal view
MARC view
- اعداد: العواجي، منصور بن ناصر
Entry Personal Name
001 - CONTROL NUMBER
- control field: 15936
003 - CONTROL NUMBER IDENTIFIER
- control field: JO-AjAnu
005 - DATE AND TIME OF LATEST TRANSACTION
- control field: 20230606072836.0
008 - FIXED-LENGTH DATA ELEMENTS
- fixed length control field: 230606|| aca||aabn | a|a d
040 ## - CATALOGING SOURCE
- Original cataloging agency: JO-AjAnu
- Transcribing agency: JO-AjAnu
100 ## - HEADING--PERSONAL NAME
- Personal name: اعداد: العواجي، منصور بن ناصر
670 ## - SOURCE DATA FOUND
- Source citation: Work cat.: (JO-AjAnu)8182: اعداد: العواجي، منصور بن ناصر, author, المخدرات طريق الضياع : تعريفات ، اخطار، الوقاية، العلاج، قصص